[Event "Reykjavik Open 2009"]
[Site "Reykjavik"]
[Date "2009.03.25"]
[Round "2.27"]
[White "Marin, Mihail"]
[Black "Bjarnason, Saevar"]
[Result "1-0"]
[WhiteElo "2556"]
[BlackElo "2211"]
[PlyCount "125"]
[EventDate "2009.03.24"]

1. c4 e5 2. g3 c6 3. d4 exd4 4. Qxd4 d5 5. Bg2 dxc4 6. Qxd8+ Kxd8 7. Nf3 Bb4+
8. Bd2 Bxd2+ 9. Nbxd2 c3 10. bxc3 Nf6 11. O-O Ke7 12. e4 Na6 13. e5 Nd5 14. Ne4
Bd7 15. Rab1 Rab8 16. Nd4 Rhd8 17. Rfe1 g6 18. Bf1 Nac7 19. c4 Nb6 20. Nd6 Ne6
21. Nb3 Na4 22. f4 f5 23. Kf2 b6 24. Ke3 Nac5 25. Bg2 Rg8 26. Red1 Rbf8 27. Rd2
Rg7 28. Rbd1 Kd8 29. Bf3 Kc7 30. Rf1 Re7 31. Na1 a5 32. Rb1 Rg7 33. Nc2 Re7 34.
Ne1 Rg7 35. Bd1 Nd8 36. Nf3 Nde6 37. Rdb2 Rb8 38. Nh4 Nd8 39. Rf2 Nf7 40. Nxf7
Rxf7 41. Nf3 Be6 42. Rc1 Rd7 43. Rd2 Rxd2 44. Nxd2 Rd8 45. Be2 Rd7 46. Nf3 Rd8
47. Nd4 Bd7 48. Rc2 Re8 49. Bf3 h6 50. Rc1 Re7 51. Rg1 Rg7 52. Rf1 Re7 53. Be2
Rg7 54. Rg1 Rg8 55. Rg2 Rg7 56. g4 g5 57. gxf5 gxf4+ 58. Kf3 Rg5 59. Rxg5 hxg5
60. Kg4 Ne4 61. a3 c5 62. Nf3 Kc6 63. Nxg5 1-0

[Event "Reykjavik Open 2009"]
[Site "Reykjavik"]
[Date "2009.03.25"]
[Round "2.28"]
[White "Popovic, Milos T"]
[Black "Magnusson, Patrekur Maron"]
[Result "1-0"]
[WhiteElo "2400"]
[BlackElo "1902"]
[PlyCount "57"]
[EventDate "2009.03.24"]

1. d4 d5 2. Bf4 Nf6 3. e3 c5 4. c3 Nc6 5. Nd2 cxd4 6. exd4 e6 7. Ngf3 Bd6 8.
Bg3 Qc7 9. Bd3 O-O 10. Qe2 Re8 11. Bxd6 Qxd6 12. Ne5 a6 13. O-O Qe7 14. f4 Nd7
15. Rae1 Nf8 16. Qh5 f6 17. Ng4 Qf7 18. Qh4 f5 19. Ne5 Nxe5 20. fxe5 Bd7 21. g4
Qg6 22. Rf4 h6 23. Qg3 Bb5 24. Bc2 Bd7 25. Ref1 Qg5 26. Nf3 Qe7 27. gxf5 exf5
28. Nh4 Kh8 29. Nxf5 1-0

[Event "Reykjavik Open 2009"]
[Site "Reykjavik"]
[Date "2009.03.25"]
[Round "2.31"]
[White "Macak, Stefan"]
[Black "Jonsson, Bjorn"]
[Result "1-0"]
[WhiteElo "2527"]
[BlackElo "2012"]
[PlyCount "81"]
[EventDate "2009.03.24"]

1. e4 c5 2. Nf3 d6 3. d4 cxd4 4. Nxd4 Nf6 5. Nc3 a6 6. Bc4 e6 7. Bb3 b5 8. Qe2
Be7 9. f3 b4 10. Nd1 d5 11. e5 Nfd7 12. f4 Bc5 13. Be3 Qb6 14. Qd2 Nc6 15. Nxc6
Qxc6 16. O-O a5 17. c3 Ba6 18. Rf3 Nb6 19. Bd4 Nc4 20. Qf2 Bxd4 21. cxd4 a4 22.
Bc2 Rc8 23. Rc1 a3 24. Bb3 axb2 25. Nxb2 O-O 26. Nd3 Qb6 27. Nc5 Rc7 28. Rh3 f5
29. exf6 Rxf6 30. Qh4 h6 31. Re1 Rxc5 32. dxc5 Qxc5+ 33. Kh1 d4 34. Rc1 e5 35.
fxe5 Qxe5 36. Qg3 Qe8 37. Qd3 Kh8 38. Bxc4 Bb7 39. Rg3 Be4 40. Qxd4 Qc6 41.
Qd8+ 1-0

[Event "Reykjavik Open 2009"]
[Site "Reykjavik"]
[Date "2009.03.25"]
[Round "2.32"]
[White "Harika, Dronavalli"]
[Black "Gudmundsson, Kjartan"]
[Result "1-0"]
[WhiteElo "2473"]
[BlackElo "2009"]
[PlyCount "69"]
[EventDate "2009.03.24"]

1. Nf3 c5 2. c4 Nf6 3. Nc3 d5 4. cxd5 Nxd5 5. g3 Nc6 6. Bg2 g6 7. d3 Nxc3 8.
bxc3 Bg7 9. Bd2 O-O 10. Qc1 Re8 11. O-O Rb8 12. Rd1 e5 13. Bh6 Bh8 14. Ng5 Bf5
15. Bxc6 bxc6 16. Ne4 Qe7 17. Bg5 f6 18. Be3 c4 19. Bc5 Qe6 20. Nd6 cxd3 21.
Nxf5 Qxf5 22. exd3 Rb7 23. Qe3 Qd7 24. a4 Bg7 25. Rab1 Reb8 26. Rxb7 Rxb7 27.
d4 Bf8 28. Bxf8 Kxf8 29. Qf3 Qf5 30. Qxc6 Rb2 31. Qc5+ Kf7 32. Qxa7+ Kg8 33.
dxe5 Rb1 34. Qa8+ Kg7 35. exf6+ 1-0

[Event "Reykjavik Open 2009"]
[Site "Reykjavik"]
[Date "2009.03.25"]
[Round "2.34"]
[White "Perunovic, Miodrag"]
[Black "Kristinsson, Bjarni Jens"]
[Result "1-0"]
[WhiteElo "2439"]
[BlackElo "1959"]
[PlyCount "65"]
[EventDate "2009.03.24"]

1. d4 d5 2. c4 c6 3. Nf3 Nf6 4. e3 e6 5. Bd3 Nbd7 6. b3 Bd6 7. Bb2 Qc7 8. Nc3
O-O 9. O-O Re8 10. e4 dxe4 11. Nxe4 Nxe4 12. Bxe4 h6 13. Re1 Nf6 14. Bc2 b6 15.
Qd3 Bb7 16. c5 Be7 17. b4 a5 18. a3 Ba6 19. Qb3 Nd5 20. Ne5 bxc5 21. dxc5 Rab8
22. Ng4 Bxc5 23. Qh3 f5 24. Nxh6+ gxh6 25. Be5 Bxf2+ 26. Kxf2 Qa7+ 27. Kf3 Rbd8
28. g4 Qh7 29. gxf5 Bd3 30. Bxd3 Nxb4 31. Qg3+ Kf8 32. Bd6+ Rxd6 33. Qxd6+ 1-0

[Event "Reykjavik Open 2009"]
[Site "Reykjavik"]
[Date "2009.03.25"]
[Round "2.35"]
[White "Karlovich, Anastazia"]
[Black "Arnalds, Stefan"]
[Result "1-0"]
[WhiteElo "2251"]
[BlackElo "1953"]
[PlyCount "79"]
[EventDate "2009.03.24"]

1. e4 c5 2. Nf3 e6 3. b3 Nf6 4. e5 Nd5 5. Bb2 Nc6 6. Nc3 Nxc3 7. Bxc3 b6 8. Be2
Be7 9. d4 O-O 10. d5 exd5 11. Qxd5 a6 12. O-O Bb7 13. Qc4 d5 14. exd6 Bxd6 15.
Qg4 f6 16. Bc4+ Kh8 17. Nh4 Ne7 18. Rfe1 Nd5 19. Qh5 Nf4 20. Qg4 Nd5 21. Rad1
b5 22. Bxd5 Bxd5 23. Kh1 b4 24. Rxd5 bxc3 25. Nf5 Qc7 26. Nxd6 Rad8 27. Red1
Rd7 28. Nf5 Rfd8 29. Rxd7 Rxd7 30. Re1 Qd8 31. Qe4 Rd1 32. h3 g6 33. Ng3 Rxe1+
34. Qxe1 Qd2 35. Qe8+ Kg7 36. Qe7+ Kg8 37. Ne4 Qc1+ 38. Kh2 Qf4+ 39. g3 Qh6 40.
Nxf6+ 1-0

[Event "Reykjavik Open 2009"]
[Site "Reykjavik"]
[Date "2009.03.25"]
[Round "2.36"]
[White "Gardarsson, Hordur"]
[Black "Ptacnikova, Lenka"]
[Result "0-1"]
[WhiteElo "1951"]
[BlackElo "2249"]
[PlyCount "134"]
[EventDate "2009.03.24"]

1. d4 Nf6 2. c4 e6 3. g3 d5 4. Bg2 dxc4 5. Nf3 a6 6. O-O Nc6 7. e3 Rb8 8. Nfd2
Be7 9. Nxc4 O-O 10. Nc3 Qd7 11. Qe2 Nd5 12. Rd1 Nxc3 13. bxc3 b5 14. Nd2 Bb7
15. Nf3 Rfd8 16. e4 Na5 17. Ne5 Qe8 18. Bf4 Rbc8 19. Bh3 Bd6 20. Nd3 Bxf4 21.
Nxf4 Rb8 22. Nd3 Nc4 23. Nc5 a5 24. a4 Bc6 25. Bg2 Rb6 26. Qa2 Qe7 27. Rab1 g6
28. axb5 Bxb5 29. Bf1 Rdb8 30. Rxb5 Rxb5 31. Qxc4 Rb2 32. Nd3 R2b3 33. Ra1 Rb1
34. Rxb1 Rxb1 35. Qa4 h5 36. Qxa5 h4 37. Qe5 Qa3 38. Kg2 h3+ 39. Kxh3 Rxf1 40.
Qxc7 Qa8 41. Qf4 Rb1 42. Ne5 Rb7 43. Qf6 Qe8 44. c4 Qf8 45. Ng4 Qg7 46. Qxg7+
Kxg7 47. Ne3 Kf6 48. f4 Rb3 49. Ng4+ Ke7 50. Ne5 Re3 51. f5 Rxe4 52. fxg6 fxg6
53. Nxg6+ Kf6 54. Nf4 Rxd4 55. c5 Rc4 56. c6 Rxc6 57. Kg4 e5 58. Nd5+ Ke6 59.
Ne3 Rc3 60. Nf5 e4 61. Kg5 Ke5 62. g4 Rh3 63. Kg6 Rxh2 64. g5 Rg2 65. Ne3 Rg3
66. Nc2 Kf4 67. Nd4 Rxg5+ 0-1

[Event "Reykjavik Open 2009"]
[Site "Reykjavik"]
[Date "2009.03.25"]
[Round "2.37"]
[White "Halldorsson, Gudmundur"]
[Black "Thorsteinsdottir, Hallgerdur"]
[Result "1/2-1/2"]
[WhiteElo "2248"]
[BlackElo "1951"]
[PlyCount "100"]
[EventDate "2009.03.24"]

1. d4 Nf6 2. c4 g6 3. Nc3 d5 4. Nf3 Bg7 5. Bg5 Ne4 6. Bh4 Nxc3 7. bxc3 dxc4 8.
Qa4+ c6 9. Qxc4 Be6 10. Qb4 Qc7 11. e4 c5 12. Qa3 O-O 13. d5 Bg4 14. Bg3 Qc8
15. Nd2 a6 16. Rb1 Nd7 17. f3 Bh5 18. Bh4 f6 19. Qb3 g5 20. Bf2 b5 21. a4 bxa4
22. Qxa4 f5 23. Rb3 g4 24. exf5 gxf3 25. g4 Bf7 26. c4 Ne5 27. h3 h5 28. Nxf3
Qc7 29. Be2 Rfb8 30. O-O Rxb3 31. Qxb3 hxg4 32. Nxe5 Bxe5 33. hxg4 a5 34. Kg2
Kg7 35. Rh1 Rh8 36. Rxh8 Kxh8 37. Bg3 Kg7 38. g5 Be8 39. Bf2 a4 40. Qh3 Qb6 41.
Qe3 Qb2 42. Bg3 Bxg3 43. Qxe7+ Bf7 44. Kxg3 a3 45. g6 Qf6 46. Qa7 Qe5+ 47. Kh4
Qf4+ 48. Bg4 Qh2+ 49. Bh3 Qf4+ 50. Bg4 Qh2+ 1/2-1/2

[Event "Reykjavik Open 2009"]
[Site "Reykjavik"]
[Date "2009.03.25"]
[Round "2.38"]
[White "Ingason, Sigurdur"]
[Black "Moskow, Eric"]
[Result "0-1"]
[WhiteElo "1949"]
[BlackElo "2225"]
[PlyCount "53"]
[EventDate "2009.03.24"]

1. d4 Nf6 2. Nf3 e6 3. e3 c5 4. Bd3 b6 5. O-O Be7 6. c4 Bb7 7. Nc3 d6 8. d5
exd5 9. cxd5 a6 10. e4 b5 11. a3 O-O 12. Bf4 Nbd7 13. Qd2 Qb6 14. Rfe1 Ng4 15.
e5 dxe5 16. Nxe5 Ndxe5 17. Bxe5 Bf6 18. Bg3 Bd4 19. Qf4 Nf6 20. Qf5 c4 21. Bc2
g6 22. Qf3 Rfe8 23. Be4 Bxc3 24. bxc3 Rxe4 25. Bc7 Rxe1+ 26. Rxe1 Qxc7 27. Qxf6
0-1

[Event "Reykjavik Open 2009"]
[Site "Reykjavik"]
[Date "2009.03.25"]
[Round "2.39"]
[White "Thorhallsson, Gylfi"]
[Black "Eliasson, Kristjan Orn"]
[Result "1/2-1/2"]
[WhiteElo "2219"]
[BlackElo "1940"]
[PlyCount "45"]
[EventDate "2009.03.24"]

1. e4 d6 2. d4 g6 3. c4 Bg7 4. Nc3 c6 5. Be2 Nf6 6. Bg5 O-O 7. Qd2 Nbd7 8. Bh6
e5 9. Bxg7 Kxg7 10. O-O-O Qa5 11. h4 h5 12. f3 a6 13. g4 b5 14. dxe5 dxe5 15.
Qd6 b4 16. Nb1 Qxa2 17. Qxc6 Bb7 18. Qxb7 Nc5 19. Qc7 Nb3+ 20. Kc2 Na1+ 21. Kc1
Nb3+ 22. Kc2 Na1+ 23. Kc1 1/2-1/2

[Event "Reykjavik Open 2009"]
[Site "Reykjavik"]
[Date "2009.03.25"]
[Round "2.40"]
[White "Thorsson, Olafur"]
[Black "Benediktsson, Frimann"]
[Result "0-1"]
[WhiteElo "2199"]
[BlackElo "1939"]
[PlyCount "135"]
[EventDate "2009.03.24"]

1. e4 c6 2. c4 d5 3. exd5 cxd5 4. d4 Nf6 5. Nc3 e6 6. Nf3 Be7 7. cxd5 Nxd5 8.
Bd3 O-O 9. O-O Nc6 10. Re1 Bf6 11. Be4 Nb6 12. Qd3 g6 13. Bh6 Bg7 14. Bxg7 Kxg7
15. Rac1 Nb4 16. Qe2 Nc6 17. Bxc6 bxc6 18. Ne4 Bd7 19. Ne5 Rc8 20. Rc3 Nd5 21.
Ra3 Rc7 22. Qd2 h6 23. Rg3 Nf6 24. Rh3 Ng8 25. Rg3 Bc8 26. h4 h5 27. Ng5 c5 28.
Ngxf7 Rfxf7 29. Rxg6+ Kf8 30. Re4 Rf5 31. Rf4 Rg7 32. Qd3 Ne7 33. Rxg7 Kxg7 34.
Qg3+ Kf8 35. Qg5 Rxf4 36. Qh6+ Ke8 37. Qxh5+ Kf8 38. Qh6+ Ke8 39. Qh5+ Kf8 40.
Qh6+ Ke8 41. Qxf4 Nf5 42. dxc5 Qxh4 43. g4 Ne7 44. Qa4+ Kf8 45. Qxa7 Qg5 46. f4
Qh6 47. Qc7 Ke8 48. Nc4 Qh4 49. Nd6+ Kf8 50. Nxc8 Qg3+ 51. Kf1 Qf3+ 52. Ke1
Qe3+ 53. Kd1 Qd3+ 54. Kc1 Qc4+ 55. Kd2 Qd4+ 56. Ke2 Qxb2+ 57. Kf3 Qc3+ 58. Kg2
Qb2+ 59. Kh3 Qc3+ 60. Kg2 Qb2+ 61. Kf3 Qc3+ 62. Ke4 Qe1+ 63. Kd4 Qd1+ 64. Ke5
Qe2+ 65. Kd6 Qd3+ 66. Kxe6 Qd5+ 67. Kf6 Ng8+ 68. Kg6 0-1

[Event "Reykjavik Open 2009"]
[Site "Reykjavik"]
[Date "2009.03.25"]
[Round "2.41"]
[White "Naslund, Mikael"]
[Black "Jonsson, Olafur Gisli"]
[Result "1-0"]
[WhiteElo "2195"]
[BlackElo "1913"]
[PlyCount "93"]
[EventDate "2009.03.24"]

1. d4 d5 2. c4 c6 3. Nf3 Nf6 4. Qb3 e6 5. Bg5 Nbd7 6. Nc3 Be7 7. e3 O-O 8. Bd3
b6 9. O-O Bb7 10. cxd5 Nxd5 11. Bxe7 Qxe7 12. Rac1 c5 13. Ne4 Rac8 14. dxc5
Nxc5 15. Nxc5 Rxc5 16. Rxc5 Qxc5 17. Be4 f5 18. Bd3 Rf6 19. Bc4 Qd6 20. Rd1 Rg6
21. g3 h6 22. Nd4 Rg4 23. Nxf5 Qe5 24. Ne7+ Kf7 25. Nxd5 Rxc4 26. Qxc4 Bxd5 27.
Qf4+ Qxf4 28. exf4 Kf6 29. b3 Kf5 30. f3 h5 31. Kf2 a5 32. Ke3 b5 33. Rd4 g6
34. a4 Bxb3 35. axb5 a4 36. b6 e5 37. fxe5 a3 38. b7 a2 39. b8=Q a1=Q 40. Rf4+
Ke6 41. Qxb3+ Kxe5 42. Qb5+ Ke6 43. Qc6+ Ke7 44. Qc7+ Ke6 45. Qf7+ Kd6 46. Rd4+
Kc5 47. Qd5+ 1-0

[Event "Reykjavik Open 2009"]
[Site "Reykjavik"]
[Date "2009.03.25"]
[Round "2.42"]
[White "Sigurjonsson, Siguringi"]
[Black "Andersen, Mads"]
[Result "0-1"]
[WhiteElo "1904"]
[BlackElo "2190"]
[PlyCount "86"]
[EventDate "2009.03.24"]

1. e4 c5 2. Nc3 a6 3. a4 b6 4. g3 Bb7 5. Bg2 e6 6. Nf3 d6 7. d4 cxd4 8. Nxd4
Nf6 9. Qe2 Be7 10. O-O Qc7 11. Be3 Nc6 12. f4 O-O 13. Rad1 Rfe8 14. g4 Bf8 15.
g5 Nd7 16. f5 Nxd4 17. Bxd4 Ne5 18. f6 g6 19. h4 Nc4 20. Rd3 Nxb2 21. Rh3 Qc4
22. Qf2 h5 23. gxh6 Bxh6 24. h5 g5 25. Rb1 Nxa4 26. Nxa4 Qxa4 27. Rxb6 Bc6 28.
Rg3 Rab8 29. Rxb8 Rxb8 30. Be3 Rb1+ 31. Kh2 Qa5 32. e5 Bxg2 33. Bxg5 Kh7 34.
Bxh6 Qxe5 35. Qxg2 Kxh6 36. Qd2+ Kxh5 37. Qg2 Rb4 38. Qf3+ Kh6 39. Kg2 Qe4 40.
Rh3+ Kg6 41. Rg3+ Kh7 42. Rg7+ Kh6 43. Rxf7 Qxc2+ 0-1

[Event "Reykjavik Open 2009"]
[Site "Reykjavik"]
[Date "2009.03.25"]
[Round "2.43"]
[White "Olafsson, Thorvardur"]
[Black "Eiriksson, Vikingur Fjalar"]
[Result "1-0"]
[WhiteElo "2182"]
[BlackElo "1882"]
[PlyCount "53"]
[EventDate "2009.03.24"]

1. e4 Nf6 2. e5 Nd5 3. d4 d6 4. c4 Nb6 5. exd6 exd6 6. Nc3 Be7 7. Bd3 Nc6 8.
Nge2 Bf6 9. Be3 O-O 10. b3 Re8 11. Qd2 g6 12. O-O Bg4 13. f3 Bd7 14. Rae1 Nb4
15. Bb1 Na6 16. Ne4 d5 17. Nxf6+ Qxf6 18. Bg5 Qg7 19. c5 Nc8 20. Nc3 c6 21.
Rxe8+ Bxe8 22. Re1 Bd7 23. Bh6 Qf6 24. Bg5 Qg7 25. Qf4 Be6 26. Bh6 g5 27. Bxg5
1-0

[Event "Reykjavik Open 2009"]
[Site "Reykjavik"]
[Date "2009.03.25"]
[Round "2.44"]
[White "Gudmundsdottir, Geirthrudur Ann"]
[Black "Bjornsson, Tomas"]
[Result "0-1"]
[WhiteElo "1775"]
[BlackElo "2173"]
[PlyCount "76"]
[EventDate "2009.03.24"]

1. e4 c5 2. Nc3 Nc6 3. g3 g6 4. Bg2 Bg7 5. Nge2 e6 6. d3 Nge7 7. Be3 d6 8. O-O
O-O 9. Qd2 Nd4 10. f4 f5 11. Nd1 Rb8 12. c3 Nxe2+ 13. Qxe2 b6 14. Qd2 Ba6 15.
c4 fxe4 16. Bxe4 d5 17. cxd5 exd5 18. Bg2 Re8 19. Kh1 d4 20. Bg1 Nf5 21. b3 Ne3
22. Nxe3 dxe3 23. Bxe3 Bxa1 24. Rxa1 Qxd3 25. Qxd3 Bxd3 26. Bd5+ Kg7 27. Re1
Be4+ 28. Bxe4 Rxe4 29. Kg2 Rbe8 30. Kf3 R4e6 31. g4 Kf7 32. Kf2 b5 33. Bd2 Rxe1
34. Bxe1 Ke6 35. Bc3 Kd5 36. Kf3 b4 37. Bb2 Re1 38. Bf6 Rh1 0-1

[Event "Reykjavik Open 2009"]
[Site "Reykjavik"]
[Date "2009.03.25"]
[Round "2.45"]
[White "Asgeirsson, Heimir"]
[Black "Fridgeirsson, Dagur Andri"]
[Result "1-0"]
[WhiteElo "2171"]
[BlackElo "1787"]
[PlyCount "69"]
[EventDate "2009.03.24"]

1. d4 d5 2. Nf3 Nf6 3. e3 e6 4. Bd3 c6 5. b3 Nbd7 6. Bb2 Bd6 7. c4 O-O 8. Qc2
Re8 9. c5 Bc7 10. Ne5 Nf8 11. Nd2 Bxe5 12. dxe5 N6d7 13. O-O Qc7 14. f4 b6 15.
b4 Rb8 16. cxb6 axb6 17. a4 c5 18. Bb5 Rd8 19. Nb3 Bb7 20. bxc5 bxc5 21. Ba3
Rbc8 22. Rfc1 c4 23. Be7 Re8 24. Bd6 Qb6 25. Nd4 Ba6 26. a5 Qa7 27. Qc3 Bxb5
28. Nxb5 Qb7 29. Rcb1 d4 30. exd4 Ng6 31. Nc7 Qe4 32. Re1 Qf5 33. Nxe8 Nxf4 34.
Nc7 Nd3 35. Re2 1-0

[Event "Reykjavik Open 2009"]
[Site "Reykjavik"]
[Date "2009.03.25"]
[Round "2.46"]
[White "Bjornsson, Sverrir Orn"]
[Black "Johannsdottir, Johanna Bjorg"]
[Result "1-0"]
[WhiteElo "2161"]
[BlackElo "1724"]
[PlyCount "57"]
[EventDate "2009.03.24"]

1. d4 d5 2. c4 c6 3. Nf3 Nf6 4. Qc2 g6 5. Bf4 Bg7 6. e3 O-O 7. Nbd2 Bf5 8. Bd3
Bxd3 9. Qxd3 Qb6 10. O-O Nbd7 11. c5 Qd8 12. b4 Nh5 13. Rab1 f6 14. Qb3 Nxf4
15. exf4 e5 16. Ne4 Kh8 17. Nd6 b6 18. f5 g5 19. b5 bxc5 20. bxc6 c4 21. Qb7
Nb6 22. Nf7+ Rxf7 23. Qxf7 Qc8 24. dxe5 Qxf5 25. e6 Qg6 26. Qb7 Qe8 27. Nd4 Bf8
28. e7 Bg7 29. Nf5 1-0

[Event "Reykjavik Open 2009"]
[Site "Reykjavik"]
[Date "2009.03.25"]
[Round "2.47"]
[White "Finnbogadottir, Tinna Kristin"]
[Black "Ostling, Hakan"]
[Result "0-1"]
[WhiteElo "1660"]
[BlackElo "2151"]
[PlyCount "126"]
[EventDate "2009.03.24"]

1. e4 g6 2. d4 Bg7 3. Nf3 d6 4. Bc4 e6 5. O-O Ne7 6. c3 Nd7 7. Be3 O-O 8. Qd2
Nf6 9. e5 dxe5 10. Nxe5 Nf5 11. Bg5 Ne4 12. Bxd8 Nxd2 13. Nxd2 Rxd8 14. Ndf3 b6
15. Rad1 Bb7 16. Bb5 Ne7 17. Rfe1 Rac8 18. Bc4 Nd5 19. Bb3 Re8 20. c4 Ne7 21.
c5 Bd5 22. Bxd5 exd5 23. c6 f6 24. Nd3 Nxc6 25. Rxe8+ Rxe8 26. Rc1 Re6 27. Nf4
Rd6 28. Nxd5 Nxd4 29. Nxd4 Rxd5 30. Nc6 Rd2 31. Nxa7 Rxb2 32. g4 c5 33. Nc8 f5
34. gxf5 gxf5 35. Ne7+ Kf8 36. Nxf5 Rxa2 37. Nxg7 Kxg7 38. Rb1 Ra6 39. Kf1 Kf6
40. Ke2 Ke5 41. Ke3 Kd5 42. Kd3 Ra3+ 43. Ke2 Ra2+ 44. Ke3 Kc6 45. h4 b5 46. f4
Rh2 47. f5 Rxh4 48. f6 Ra4 49. f7 Ra8 50. Rh1 b4 51. Kd3 Kb5 52. Rxh7 c4+ 53.
Kd4 Rd8+ 54. Ke5 c3 55. Ke6 c2 56. Rh1 b3 57. Ke7 Ra8 58. Ra1 Rb8 59. Ra3 Kb4
60. Ra6 Rb7+ 61. Ke6 Rxf7 62. Rb6+ Ka3 63. Kxf7 c1=Q 0-1

[Event "Reykjavik Open 2009"]
[Site "Reykjavik"]
[Date "2009.03.25"]
[Round "2.48"]
[White "Andersson, Christin"]
[Black "Palsson, Svanberg Mar"]
[Result "1-0"]
[WhiteElo "2132"]
[BlackElo "1720"]
[PlyCount "57"]
[EventDate "2009.03.24"]

1. e4 c5 2. Nf3 d6 3. d4 cxd4 4. Nxd4 Nf6 5. Nc3 a6 6. a4 Nc6 7. Bc4 Qb6 8.
Nxc6 bxc6 9. O-O e6 10. a5 Qb8 11. Re1 Be7 12. Bf4 e5 13. Be3 Bd8 14. Ra3 Qb4
15. Qd3 O-O 16. Rd1 Bc7 17. Ra4 Qb7 18. Ra3 Qb4 19. Rda1 d5 20. exd5 cxd5 21.
Bxd5 Rd8 22. Rb3 Qh4 23. g3 Qh5 24. Bb6 Bxb6 25. Rxb6 e4 26. Bxf7+ Kxf7 27.
Rxf6+ gxf6 28. Qxd8 Qc5 29. Qxf6+ 1-0

[Event "Reykjavik Open 2009"]
[Site "Reykjavik"]
[Date "2009.03.25"]
[Round "2.49"]
[White "Gasanova, Ulker"]
[Black "Thorsteinsson, Erlingur"]
[Result "0-1"]
[WhiteElo "1646"]
[BlackElo "2130"]
[PlyCount "58"]
[EventDate "2009.03.24"]

1. e4 e6 2. d4 a6 3. Nf3 b5 4. a3 Bb7 5. Bd3 c5 6. dxc5 Bxc5 7. b4 Ba7 8. O-O
Nc6 9. Bb2 Nf6 10. Nbd2 d5 11. Bxf6 gxf6 12. exd5 Qxd5 13. Ne4 Ke7 14. Rc1 Rad8
15. Qe2 Ne5 16. Nxe5 Qxe5 17. Kh1 Qf4 18. Ng3 Rhg8 19. c4 h5 20. c5 h4 21. Nf5+
Qxf5 22. c6 Qxd3 23. Qxd3 Rxd3 24. cxb7 Rgd8 25. h3 R3d7 26. Rc8 Rxb7 27. Rxd8
Kxd8 28. Rd1+ Rd7 29. Rf1 Rd3 0-1

[Event "Reykjavik Open 2009"]
[Site "Reykjavik"]
[Date "2009.03.25"]
[Round "2.50"]
[White "Berg, Runar"]
[Black "Helgadottir, Sigridur Bjorg"]
[Result "1-0"]
[WhiteElo "2130"]
[BlackElo "1646"]
[PlyCount "57"]
[EventDate "2009.03.24"]

1. d4 Nf6 2. c4 g6 3. Nc3 d5 4. Nf3 Bg7 5. Bg5 Ne4 6. cxd5 Nxc3 7. bxc3 Qxd5 8.
e3 c5 9. Bb5+ Bd7 10. Bxd7+ Nxd7 11. O-O e6 12. Qa4 O-O 13. e4 Qd6 14. Rfd1 Nb6
15. Qa3 Qc7 16. dxc5 Nc4 17. Qb4 Ne5 18. Nxe5 Bxe5 19. g3 Rac8 20. Rab1 Rfe8
21. Be3 Rb8 22. f4 Bg7 23. Qb5 Bf8 24. Rd7 Qc8 25. Rbd1 Be7 26. R1d2 b6 27. c6
a6 28. Qe5 Qxc6 29. Rxe7 1-0

[Event "Reykjavik Open 2009"]
[Site "Reykjavik"]
[Date "2009.03.25"]
[Round "2.51"]
[White "Andrason, Pall"]
[Black "Gudmundsson, Stefan Freyr"]
[Result "0-1"]
[WhiteElo "1564"]
[BlackElo "2092"]
[PlyCount "72"]
[EventDate "2009.03.24"]

1. d4 Nf6 2. c4 c5 3. d5 b5 4. cxb5 a6 5. bxa6 Bxa6 6. Nc3 d6 7. Nf3 g6 8. e4
Bxf1 9. Rxf1 Nbd7 10. Ke2 Qb6 11. Re1 Bg7 12. Kf1 O-O 13. Qc2 Ng4 14. h3 Nge5
15. Nxe5 Nxe5 16. Rb1 Rfb8 17. b3 Qa6+ 18. Kg1 Nd3 19. Rf1 Nb4 20. Qd2 Nxa2 21.
Nxa2 Qxa2 22. Qxa2 Rxa2 23. Bf4 Bd4 24. Be3 Bxe3 25. fxe3 Ra3 26. Kf2 Rbxb3 27.
Rxb3 Rxb3 28. Ra1 Kg7 29. Ra7 Kf6 30. Kf3 Rb1 31. Ra8 Rb7 32. g4 Rc7 33. h4 c4
34. Kf4 c3 35. Rg8 e5+ 36. dxe6 fxe6 0-1

[Event "Reykjavik Open 2009"]
[Site "Reykjavik"]
[Date "2009.03.25"]
[Round "2.1"]
[White "Rombaldoni, Denis"]
[Black "Areshchenko, Alexander"]
[Result "1/2-1/2"]
[WhiteElo "2418"]
[BlackElo "2673"]
[PlyCount "85"]
[EventDate "2008.03.24"]

1. e4 c5 2. Nf3 a6 3. c3 Nf6 4. e5 Nd5 5. d4 cxd4 6. cxd4 e6 7. Bd3 Be7 8. Nc3
Nxc3 9. bxc3 d6 10. O-O Nd7 11. exd6 Bxd6 12. c4 Nf6 13. Bb2 O-O 14. Ne5 Bd7
15. Qf3 Bc6 16. Nxc6 bxc6 17. Bc3 Qc7 18. g3 c5 19. Rab1 Rab8 20. dxc5 Be5 21.
Bxe5 Qxe5 22. c6 Qc5 23. Rxb8 Rxb8 24. Rb1 Rxb1+ 25. Bxb1 Qxc4 26. Bd3 Qc1+ 27.
Kg2 Nd5 28. Bxa6 Qxc6 29. Bd3 f5 30. a4 g5 31. h3 h5 32. Kh2 g4 33. Qe2 Kf7 34.
hxg4 hxg4 35. a5 Qc5 36. a6 f4 37. Qc2 Qd4 38. Bc4 fxg3+ 39. fxg3 Qh8+ 40. Kg1
Qa1+ 41. Kh2 Qh8+ 42. Kg1 Qa1+ 43. Kh2 1/2-1/2

[Event "Reykjavik Open 2009"]
[Site "Reykjavik"]
[Date "2009.03.25"]
[Round "2.3"]
[White "Arngrimsson, Dagur"]
[Black "Kryvoruchko, Yuriy"]
[Result "0-1"]
[WhiteElo "2404"]
[BlackElo "2604"]
[PlyCount "92"]
[EventDate "2008.03.24"]

1. e4 c5 2. Nf3 e6 3. d4 cxd4 4. Nxd4 a6 5. Nc3 Qc7 6. Qf3 Nf6 7. Bg5 Qe5 8.
Be3 Bb4 9. O-O-O Bxc3 10. bxc3 Qxe4 11. Qg3 O-O 12. Bd3 Qg4 13. Qd6 Qh5 14. Nf3
Ne8 15. Qa3 f6 16. g4 Qf7 17. g5 Nc6 18. gxf6 Nxf6 19. Rhg1 d5 20. Bh6 Nh5 21.
Bxh7+ Kxh7 22. Ng5+ Kxh6 23. Nxf7+ Rxf7 24. c4 d4 25. Qh3 e5 26. Qh4 Rf5 27.
Rd3 g5 28. Qg4 Nf4 29. Rdg3 Be6 30. h4 Rh8 31. Rb3 Rh7 32. Qf3 Kg6 33. Qe4 Kf6
34. hxg5+ Kg6 35. Rh1 Ne2+ 36. Kb2 Nc3 37. Qe1 Rff7 38. Rxh7 Rxh7 39. f4 Bf5
40. Rxc3 dxc3+ 41. Qxc3 Rh2 42. Qg3 Rxc2+ 43. Ka3 Rxc4 44. fxe5 b5 45. Kb2 Rc2+
46. Ka3 b4+ 0-1

[Event "Reykjavik Open 2009"]
[Site "Reykjavik"]
[Date "2009.03.25"]
[Round "2.4"]
[White "Hillarp Persson, Tiger"]
[Black "Caspi, Israel"]
[Result "1-0"]
[WhiteElo "2586"]
[BlackElo "2402"]
[PlyCount "111"]
[EventDate "2008.03.24"]

1. d4 Nf6 2. c4 g6 3. Nc3 Bg7 4. e4 d6 5. Nge2 O-O 6. f3 c5 7. d5 e6 8. Ng3
exd5 9. cxd5 h5 10. Bg5 Qb6 11. Qd2 Nh7 12. Be3 h4 13. Nge2 Nd7 14. Nf4 Ne5 15.
Be2 Bd7 16. O-O a6 17. g3 hxg3 18. hxg3 Qb4 19. Rac1 b5 20. Kg2 Nc4 21. Bxc4
bxc4 22. Rf2 Rab8 23. Rh1 Rb7 24. Qc2 Rfb8 25. Bc1 Qa5 26. g4 Qd8 27. Kf1 Qf6
28. Nfe2 Nf8 29. g5 Qe7 30. Qd2 f6 31. gxf6 Qxf6 32. Kg2 Bc8 33. Ng3 Rf7 34.
Qe2 Nd7 35. f4 Nb6 36. e5 dxe5 37. Nce4 Qe7 38. d6 Qb7 39. fxe5 Bxe5 40. Rxf7
Qxf7 41. Rf1 Qe6 42. Nf6+ Bxf6 43. Qxe6+ Bxe6 44. Rxf6 Bd5+ 45. Kg1 Kg7 46. Rf2
Nd7 47. Bd2 Rb6 48. Bc3+ Kg8 49. Rd2 Bc6 50. Re2 Bb5 51. Ne4 g5 52. Rf2 Rb8 53.
Nxg5 Rf8 54. Rh2 Nf6 55. Rh6 Kg7 56. Rxf6 1-0

[Event "Reykjavik Open 2009"]
[Site "Reykjavik"]
[Date "2009.03.25"]
[Round "2.5"]
[White "Thorfinnsson, Bragi"]
[Black "Maze, Sebastien"]
[Result "0-1"]
[WhiteElo "2383"]
[BlackElo "2579"]
[PlyCount "132"]
[EventDate "2008.03.24"]

1. d4 g6 2. e4 Bg7 3. Nc3 d6 4. f4 a6 5. a4 Nc6 6. Be3 Nf6 7. Be2 e5 8. dxe5
dxe5 9. Qxd8+ Nxd8 10. fxe5 Ng4 11. Bxg4 Bxg4 12. Nf3 Nc6 13. Nd5 O-O-O 14. Bg5
Rd7 15. Bf6 Bxf6 16. Nxf6 Bxf3 17. Nxd7 Bxg2 18. Rg1 Bxe4 19. O-O-O Bf5 20. Nf6
Nxe5 21. Rge1 Nc6 22. h4 h5 23. Rd2 b6 24. b3 a5 25. Kb2 Be6 26. Ne4 Rd8 27.
Rf2 Bf5 28. Ng3 Be6 29. Ne4 Bf5 30. Ng5 f6 31. Ne4 Nb4 32. Ree2 Nd5 33. Ng3 Bg4
34. Rd2 f5 35. Ne2 Nf6 36. Rxd8+ Kxd8 37. Nf4 Ne4 38. Rf1 Nd2 39. Re1 Nf3 40.
Rd1+ Ke7 41. Nd5+ Kf7 42. Nxc7 g5 43. Rd7+ Kf6 44. Rd6+ Ke7 45. Rxb6 gxh4 46.
b4 h3 47. bxa5 Ne5 48. Nd5+ Kd7 49. Kc3 Bf3 50. Kd4 h2 51. Rb1 Nc6+ 52. Kc5
h1=Q 53. Rxh1 Bxh1 54. Nf6+ Kc7 55. Nxh5 Be4 56. Nf6 Bh1 57. a6 f4 58. c4 Nd8
59. Kd4 Kd6 60. c5+ Ke6 61. Ne4 Nc6+ 62. Kd3 Kd5 63. Nc3+ Kxc5 64. Ne2 Ne5+ 65.
Kc3 Ng6 66. a5 Ba8 0-1